Statistics for Biggest City Starting with B in This Country #2

Click here to take the quiz!

General Stats

  • This quiz has been taken 84 times
    (38 since last reset)
  • The average score is 12 of 18

Answer Stats

Country B City % Correct
IraqBaghdad
100%
BelgiumBrussels
97%
United StatesBoston
97%
RomaniaBucharest
95%
SerbiaBelgrade
89%
Republic of the CongoBrazzaville
86%
SlovakiaBratislava
84%
SwitzerlandBasel
78%
South AfricaBloemfontein
68%
BelizeBelize City
68%
KyrgyzstanBishkek
62%
GambiaBanjul
62%
LibyaBenghazi
54%
IndonesiaBandung
43%
TurkeyBursa
35%
NigeriaBenin City
32%
Bosnia and HerzegovinaBanja Luka
27%
NetherlandsBreda
22%

Score Distribution

Percentile by Number Answered

Percent of People with Each Score

Your Score History

You have not taken this quiz since the last reset